| 000 | 00679nam a2200241 i 4500 | ||
|---|---|---|---|
| 001 | bg | ||
| 100 | 1 | _aBŁASZCZYK, Adam | |
| 245 | 1 | 0 |
_aJak pisać wirusy i antywirusy / _cAdam Błaszczyk. |
| 260 |
_aWarszawa : _b"RM", _c2002. |
||
| 300 |
_aXX, 276 s. ; _c24 cm + + _eCD-ROM. |
||
| 504 | _aBibliogr. | ||
| 650 | 9 |
_aBaza danych _xochrona |
|
| 650 | 9 | _aWirusy komputerowe | |
| 655 | _aPodręczniki | ||
| 020 | _a8372431884 | ||
| 040 | _cBPK | ||
| 041 | 0 | _apol | |
| 080 | _a004.056:004.491.22](07) | ||
| 920 | _a83-7243-188-4 | ||
| 942 | _cKS | ||
| 008 | s pl f |000 0 pol | ||
| 999 |
_c44168 _d44168 |
||
| 856 |
_uhttp://koha.tu.koszalin.pl/cgi-bin/koha/opac-detail.pl?biblionumber=44168 _yKatalog online BPK |
||